000
00202 a2200097 4500
020
_a
9780399247675
041
_a
eng
100
_a
Susan Middleton Elya
245
_a
Little Roja Riding Hood
942
_c
BK
999
_c
14469
_d
14469